000 00686nam a22001697a 4500
008 151208b xxu||||| |||| 00| 0 eng d
020 _a9783643901422
050 _aLC316.U33 M83 2012
100 _aMubiru, Charles Lwanga
_921295
245 _aThe Uganda Martyrs and the need for appropriate role models in adolescents' moral formation
_bas seen from the traditional African education
_cCharles Lwanga Mubiru
260 _aZurich
_bFaupel Publishing
_c2012
300 _axi, 321p. ;
_c21cm.
650 _aMoral education
_zUganda
_921296
650 _aSocial values
_xStudy and teaching
_zUganda
_921297
650 _aMartyrs of Uganda (Christian Saints)
_921298
942 _2lcc
_cMONOGRAPH
999 _c123867
_d123867